000 00305nam a2200133Ia 4500
100 _aOliver/B/M
942 _cBK
654 _aelectronic
245 _aElectronic measurement and instrumentation
260 _bMcGraw Hill
_aAuckland
_c1986
082 _a621.381
_bOLI
300 _a729
546 _aENGLISH
999 _c30614
_d30614